Szczegóły MARC21

Primauté du spirituel /

003 -Nazwa inst., której nr kontr. jest w polu 001 [,]
    • @
    • Nazwa instytucji, której n kontrolny jest w polu 001
    • NUKAT
005 -DATA I CZAS OSTATNIEJ MODYFIKACJI [,]
    • @
    • pole kontrolne
    • 20241231101349.0
040 -Instytucja sporządzająca opis [ , ]
    • a
    • Instytucja, która sporządziła opis (NP)
    • KR 295/MZ
    • c
    • Instytucja, która sporządziła rekord (NP)
    • KR 295/MZ /d KR295/JSs
942 -Rodzaj dokumentu [ , ]
    • c
    • Rodzaj dokumentu
    • Książka
100 -Hasło główne - nazwa osobowa [1, ]
    • a
    • Nazwa osobowa (NP)
    • Maritain, Jacques
    • d
    • Daty biograficzne (NP)
    • (1882-1973).
    • 9
    • KHW
    • 15884
245 -Strefa tytułu i oznaczenia odpowiedzialności [1,0]
    • a
    • Tytuł
    • Primauté du spirituel / Find
    • c
    • Pozostałe elementy strefy tytułu i oznaczenia odpowiedzialności (NP)
    • Jacques Maritain.
260 -Strefa adresu wydawniczego [ , ]
    • a
    • Miejsce wydania (P)
    • Paris :
    • b
    • Nazwa wydawcy (P)
    • Librairie Plon,
    • c
    • Data wydania (P)
    • 1927.
300 -Strefa opisu fizycznego [ , ]
    • a
    • Określenie formy książki i/lub objętość (NP)
    • [6], 314, [3] s. ;
    • c
    • Format (NP)
    • 19 cm.
336 -Typ zawartości [ , ]
    • a
    • Termin opisujący typ zawartości
    • Tekst
    • b
    • Kod określający zawartość
    • txt
    • 2
    • Źródło (terminu i kodu)
    • rdacontent
337 -Typ mediów [ , ]
    • a
    • Tryb odtwarzania
    • Bez urządzenia pośredniczącego
    • b
    • Kod typu mediów
    • n
    • 2
    • Źródło (terminu i kodu)
    • rdamedia
338 -Typ/rodzaj nośnika [ , ]
    • a
    • Hasło opisujące typ nośnika
    • Wolumin
    • b
    • Kod typu nośnika
    • nc
    • 2
    • Źródło (terminu i kodu)
    • rdacarrier
380 -Deskryptor - Forma dzieła (P) [ , ]
    • a
    • forma dzieła (NP)
    • Książki
080 -Uniwersalna Klasyfikacja Dziesiętna [ , ]
    • a
    • Symbol klasyfikacji
    • 141.4=40
650 -Hasło przedmiotowe [ ,7]
    • a
    • Hasło przedmiotowe
    • Kościół a państwo
    • 2
    • Źródło terminu
    • DBN
    • 9
    • KHW
    • 725863
650 -Hasło przedmiotowe [ ,7]
    • a
    • Hasło przedmiotowe
    • Filozofia religii
    • y
    • Określnik chronologiczny
    • 20 w.
    • 2
    • Źródło terminu
    • kaba
    • 9
    • KHW
    • 366783
650 -Hasło przedmiotowe [ ,7]
    • a
    • Hasło przedmiotowe
    • Duchowość
    • y
    • Określnik chronologiczny
    • 20 w.
    • 2
    • Źródło terminu
    • kaba
    • 9
    • KHW
    • 738942
980 -Symbol UKD [ , ]
    • a
    • UKD
    • 141.4=40
710 -Hasło dodatkowe - nazwa ciała zbiorowego [2, ]
    • a
    • Nazwa ciała zbiorowego lub nazwa geograficzna jako pierwszy element (NP)
    • Editions Plon.
    • 4
    • Kod relacji
    • pbl
    • 9
    • KHW
    • 83001
Numer inwentarzowy Status udost. Lokalizacja Data inwentaryzacji
JK.3641BG2002-12-09